[Event "Høstturneringen 2016 (Follo 20 år)"]
[Site "Ås, Akershus NOR"]
[Date "2016.12.05"]
[Round "8"]
[White "Simonsen, Steinar"]
[Black "Rønbeck, Bjørn"]
[Result "0-1"]
[WhiteElo "1272"]
[BlackElo "1122"]
[Annotator "Lea, Per"]
[PlyCount "126"]
[EventDate "2016.09.01"]

1. e4 c5 2. Nf3 d6 3. c4 g6 4. d4 b6 5. Be2 Bg7 6. O-O Nf6 7. Nc3 O-O 8. Re1
Bb7 9. d5 {Siden svart har unnlatt å slå bonden på d4 har hvit fått en
komfortabel stilling.} Re8 10. Qc2 Nbd7 11. a4 e6 12. Nb5 Qb8 13. Bf4 Ne5 14.
Nxe5 exd5 {Med forbehold om feil i noteringsskjemaet... Hvis dette er riktig,
har hvit en klar vinststilling.} 15. Ng4 (15. Nxf7 $1 Kxf7 16. Nxd6+ Kg8 17. e5
{er enda bedre}) 15... Nxe4 16. Bf3 a6 17. Nc3 f5 18. Nh6+ Kf8 19. Nxd5 Qd8 20.
Bxe4 fxe4 21. Rxe4 g5 22. Rxe8+ Kxe8 (22... Qxe8 $4 23. Qf5+ Bf6 24. Qxf6+ Qf7
25. Qxf7#) 23. Re1+ Kd7 {Her finner Stockfish forsert matt i 8 trekk.} 24. Qf5+
Kc6 25. Ne7+ (25. Nf7 $1 Qd7 {Svart må gi dronninga for å unngå matt. Hvis
ikke kan det gå slik;} 26. Re7 Qxf5 27. Rc7#) 25... Kc7 26. Bxg5 Qf8 27. Nf7
Re8 28. Qe6 Kb8 29. Qxd6+ Ka8 30. Qe6 Bc8 31. Qe4+ Bb7 32. Qf5 Bc8 33. Qd5+ Bb7
34. Qf5 Bc8 35. Qf4 h6 36. Bh4 Bxb2 37. Qf3+ Bb7 38. Qf4 Bc3 39. Re6 Rd8 40. h3
Qg7 41. Bg3 Rf8 42. Re3 $2 (42. Rxb6 Be5 43. Qxe5 Qxe5 44. Nxe5 Re8 {og resten
burde være lett match for hvit med 2 springere og 2 bønder over.}) 42... Bd2
43. Qe5 Qxf7 44. Re2 $4 {Nå er nesten hele hvits fordel skrumpet inn} Qxc4 45.
Kh2 $2 {Nå går fordelen over til svart} (45. Nf5 {og stillingen er omtrent lik}
) 45... Bf4 46. Bxf4 Qxf4+ 47. Qxf4 Rxf4 48. Ng6 Rxa4 49. Re8+ Ka7 50. Rh8 Ra2
51. Rxh6 Rxf2 52. Nh4 a5 53. Kg1 Rd2 54. Rg6 Ka6 55. Nf5 a4 56. Rg3 Ka5 57. Rg7
Bc6 58. Rg6 a3 59. Rxc6 a2 60. Rc8 Rd1+ 61. Kh2 a1=Q 62. Ra8+ Kb4 63. Rxa1 Rxa1
0-1

[Event "Høstturneringen 2016 (Follo 20 år)"]
[Site "Ås, Akershus NOR"]
[Date "2016.12.08"]
[Round "9"]
[White "Bakken, Svein-Erik"]
[Black "Ruud, Kjetil"]
[Result "0-1"]
[WhiteElo "1347"]
[BlackElo "1446"]
[PlyCount "68"]
[EventDate "2016.09.01"]

1. d4 f5 2. Bg5 h6 3. Bh4 g5 4. Bg3 Bg7 5. e3 Nf6 6. c4 d6 7. h3 h5 8. Nf3 Ne4
9. Bh2 b6 10. Nbd2 Nxd2 11. Qxd2 g4 12. hxg4 hxg4 13. Ng5 e6 14. f4 Qe7 15. g3
Bb7 16. Bg2 Nc6 17. O-O-O O-O-O 18. d5 exd5 19. cxd5 Nb8 20. Ne6 Rde8 21. Nxg7
Qxg7 22. Bg1 Nd7 23. Qc2 Rhf8 24. e4 fxe4 25. Bxe4 Re7 26. Rh7 Qf6 27. Bd4 Ne5
28. Rxe7 Qxe7 29. fxe5 dxe5 30. Bc3 Kb8 31. a3 a5 32. Bf5 Qg5+ 33. Kb1 Qxf5 34.
d6 Be4 0-1

[Event "Høstturneringen 2016 (Follo 20 år)"]
[Site "Ås, Akershus NOR"]
[Date "2016.12.08"]
[Round "9"]
[White "Lea, Per"]
[Black "Kielland-Lund, Jon"]
[Result "1/2-1/2"]
[WhiteElo "1533"]
[BlackElo "1500"]
[Annotator "Lea, Per"]
[PlyCount "90"]
[EventDate "2016.09.01"]

1. e4 c6 2. d4 d5 3. Nc3 dxe4 4. Nxe4 Bf5 5. Ng3 Bg6 6. Nf3 Nd7 7. h4 h6 8. h5
Bh7 9. Bd3 Bxd3 10. Qxd3 e6 11. Bf4 Qa5+ 12. Bd2 Bb4 13. Ne4 (13. a3 {er
visstnok det eneste trekket som ikke gir en ørliten fordel for svart}) 13...
Ngf6 14. Nd6+ {Fristende - men ikke spesielt godt} Ke7 15. Nc4 (15. Nxb7 Bxd2+
16. Nxd2 Qb4 17. Qb3 Qxd4 18. O-O-O Rab8 19. Qa3+ c5 20. Na5 Rhc8 {bør gi like
sjanser for begge.}) 15... Bxd2+ 16. Nfxd2 Qc7 17. O-O-O Rhd8 18. Nf3 Kf8 19.
Nce5 Nxe5 20. Nxe5 c5 21. Qc3 $2 (21. Qa3 Rac8 22. Qxc5+ Qxc5 23. dxc5 Rxd1+
24. Rxd1 Rxc5 25. Nd7+ Nxd7 26. Rxd7 b6 {[%emt 0:00:08] gir fordel for hvit i
følge Stockfish}) 21... b6 (21... Rd5 $1 22. f4 Rc8 {begynner å bli plagsomt
for hvit}) 22. dxc5 bxc5 23. f4 Nd5 24. Qg3 Qb6 25. Rd3 Kg8 26. Rhd1 Rab8 27.
Rb3 Qc7 28. Rxb8 Rxb8 29. c4 Nf6 30. Qf3 Qb6 31. b3 a5 32. Nc6 Re8 $1 ({
Ønskedrømmen var} 32... Rb7 33. Rd8+ Kh7 34. Qd3+ g6 35. hxg6+ fxg6 36. Ne5 Rg7
37. Rf8 Ng8 38. Rf7 Ne7 39. Nd7 Qc7 40. Nf8+ Kg8 41. Nxe6) 33. Ne5 a4 34. g4
axb3 35. Qxb3 Qxb3 36. axb3 Rc8 37. Kc2 Kf8 38. Nd7+ Ke7 $1 39. Nxf6 Kxf6 40.
Rd7 g5 41. hxg6 Kxg6 42. f5+ $2 {En unøyaktighet som kunne kostet partiet} (42.
Re7 Kf6 43. Rd7 Rg8 44. Rc7 Rxg4 45. Rxc5 Rxf4 46. b4 {og stillingen er lik})
42... exf5 43. gxf5+ Kxf5 44. Rxf7+ Kg4 45. Rg7+ Kh4 {Med best spill fra begge
er det remis, og ingen turde å spille videre} 1/2-1/2

[Event "Høstturneringen 2016 (Follo 20 år)"]
[Site "Ås, Akershus NOR"]
[Date "2016.12.08"]
[Round "9"]
[White "Furnes, Torstein"]
[Black "Moberg, Jan Rune"]
[Result "0-1"]
[WhiteElo "1610"]
[BlackElo "1503"]
[PlyCount "84"]
[EventDate "2016.09.01"]

1. d4 e6 2. c4 f5 3. Nc3 Nf6 4. Bg5 Be7 5. Nf3 O-O 6. e3 b6 7. Be2 Bb7 8. O-O
Ne4 9. Bxe7 Qxe7 10. d5 Nxc3 11. bxc3 Na6 12. Nd4 e5 13. Nb3 Rf6 14. a4 Nc5 15.
Nxc5 Qxc5 16. Qb3 a5 17. Qa3 Qf8 18. Qxf8+ Raxf8 19. Rab1 d6 20. f3 Bc8 21. Bd3
h5 22. e4 g6 23. Rbe1 Re8 24. Rf2 Kg7 25. Ref1 Rf7 26. h3 h4 27. Kh2 Bd7 28.
Bc2 Rfe7 29. f4 exf4 30. exf5 g5 31. Kg1 Kf6 32. Rd1 Re1+ 33. Rf1 Rxd1 34. Rxd1
Re3 35. Rd3 Re2 36. Bd1 Ra2 37. Kf1 Bxf5 38. Rd4 Ra3 39. Ke2 Rxc3 40. Kd2 Ra3
41. Ke2 Ke5 42. Rd2 Rc3 0-1

[Event "Høstturneringen 2016 (Follo 20 år)"]
[Site "Ås, Akershus NOR"]
[Date "2016.12.08"]
[Round "9"]
[White "Rønbeck, Bjørn"]
[Black "Brenden, Torbjørn"]
[Result "0-1"]
[WhiteElo "1122"]
[BlackElo "1417"]
[Annotator "Brenden,Torbjørn"]
[PlyCount "98"]
[EventDate "2016.09.01"]

1. d4 d5 2. c4 c6 3. Nc3 g6 4. e4 dxe4 5. Nxe4 Bg7 6. Nf3 Bg4 7. Be2 Nd7 8. O-O
Ngf6 9. Nxf6+ Nxf6 10. h3 Bf5 11. Bd3 Bxd3 12. Qxd3 O-O 13. b3 Qc7 14. Bg5 Rfe8
15. Rae1 Rad8 16. Ne5 Nd7 17. Nf3 Nf8 18. Rd1 Rd7 19. Be3 e5 20. Qd2 exd4 21.
Bf4 Qb6 22. Rfe1 Rxe1+ 23. Rxe1 Ne6 24. Ne5 Rd8 25. Bg3 (25. Bh6) 25... c5 26.
Ng4 a5 27. Nh6+ Kf8 28. Be5 f6 29. Bc7 Nxc7 30. Ng4 Re8 31. Rb1 Re6 32. f3 Ne8
33. Nf2 Nd6 34. Nd3 Qc7 35. Nf4 Re8 36. Nd5 Qd8 37. Qd3 b6 38. h4 Nf5 39. h5
Ne3 40. hxg6 h6 41. Nf4 Qd6 42. Ne2 f5 43. g4 Qxg6 44. Ng3 Qg5 45. Nxf5 Nxf5
46. Qf1 Ne3 47. Qh3 Be5 48. Kf2 Bf4 49. Rh1 d3 0-1

[Event "Høstturneringen 2016 (Follo 20 år)"]
[Site "Ås, Akershus NOR"]
[Date "2016.12.08"]
[Round "9"]
[White "Sandvik, Sander"]
[Black "Bø, Martin"]
[Result "0-1"]
[WhiteElo "1127"]
[BlackElo "1191"]
[Annotator "Bø, Martin"]
[PlyCount "54"]
[EventDate "2016.09.01"]

1. Nf3 Nf6 2. g3 d5 3. Bg2 Bf5 4. O-O c6 5. d3 Nbd7 6. Nbd2 e5 7. h3 Bd6 8. Nh4
Be6 9. e4 g6 {Stopper ideer om Sf5 og forbereder f5/h5 dersom det blir angrep
på kongefløyen} 10. Re1 Qc7 11. a4 a5 {Er skummelt å flytte bøndene forran
kongen (gitt at jeg rokerer langt) for mye, men hvit må bruke mange tempi på å
få gjennomført b4, og da har sort forhåpentligvis fått motspill på kongefløyen}
12. c3 Nc5 $6 {Nå blir stillingen veldig skarp} 13. d4 $6 {Spennende trekk,
men ser ut til å fungere bedre for sort. Mange varianter å regne, og vi
begynte begge å få dårlig tid, men i all hovedsak Sander som vanlig} Ncxe4 14.
Nxe4 Nxe4 15. dxe5 Bc5 {Er fult mulig å ta på e5 også, men holder ting
komplisert og setter litt press på hvit. Mange taktiske temaer i denne
stillingen, der Sxf2, Sxg3, Dxg3 osv er muligheter i noen type stillinger} (
15... Bxe5 16. Nf3 (16. Bxe4 dxe4 17. Rxe4 Bd5 18. Re1 O-O-O 19. Qg4+ Rd7 $15)
16... Bd6 17. Nd4 Nxf2 18. Kxf2 Bxg3+ 19. Kg1 Bxe1 20. Qxe1 O-O {Her har hvit
gode angrepssjangser med to offiserer for tårnet. Veldig svake sorte felter})
16. Bxe4 dxe4 17. Bf4 $2 (17. Rxe4 Bd5 (17... O-O $11) 18. Re1 O-O-O 19. Qe2 {
med en ørliten hvitfordel}) 17... h6 18. Be3 (18. Ng2 g5 19. Be3 Bxe3 20. Nxe3
{Er beste variant for hvit her, og gir sort en liten fordel. Springeren må
spilles tilbake til g2 før avbyttet av løperne, noe vi får se grunnen til i
løpet av et par trekk}) 18... Bxe3 19. Rxe3 g5 20. Ng2 {Nå ender vi opp i
nesten samme stilling som vist tidligere, men den store forskjellen er at
springeren er på g2 og ikke e3. Helt innelåst} Bd5 $2 {Stillingen er i balanse,
men veldig komplisert} (20... Qxe5 21. f3 Qc5 $1 22. Kh2 exf3 23. Rxf3 {Og
sort har nesten en avgjørende fordel med en bonde og mer aktiv løper, dronning
og en potensielt tryggere konge}) 21. Qd4 O-O-O $1 22. Qa7 {Ser truende ut,
men oppnår ikke så mye. Sander spiller nå på tilleggstid, mens jeg har her
rundt 15 minutter. Blir sittende å tenke i rundt 10 minutter før jeg plutselig
innser at dronninga nesten er fanga. Spiller dermed i c5 med håp om at den
blir nettopp det, fanga} c5 $6 {Ved beste spill er stillingen 0.00, men hvit
må virkelig holde tunga beint i munnen} 23. Rc1 $2 (23. b4 $1 b6 24. Qa6+ Qb7
25. Qxb7+ Kxb7 26. bxa5 bxa5 27. Re2 Kc6 {Liten fordel sort, men store
remissjangser}) 23... Kd7 24. e6+ $2 (24. b4 {Fungerer fortsatt, med samme tema
}) 24... Kxe6 25. Rce1 $4 {Nå går det rett ned for hvit, og dronninga er tapt}
(25. c4 Ra8 26. cxd5+ Kd6 $1 {Alle andre trekk taper} (26... Kxd5 $4 27. Rxc5+
Qxc5 28. Qxb7+ {Og en lang og komplisert computervariant gir +5 for hvit 
(mattangrep)}) (26... Kf6 27. Qxc5 Qxc5 28. Rxc5) (26... Kd7 27. Qxc5 Qxc5 28.
Rxc5)) 25... Ra8 $1 {Her er partiet tapt, og resten av trekkene er i ren
desperasjon} 26. Rxe4+ $2 Bxe4 27. Rxe4+ Kf5 0-1

[Event "Høstturneringen 2016 (Follo 20 år)"]
[Site "Ås, Akershus NOR"]
[Date "2016.12.08"]
[Round "9"]
[White "Samset, Jon"]
[Black "Thowsen, Alf  Geir"]
[Result "0-1"]
[WhiteElo "1077"]
[BlackElo "1161"]
[PlyCount "84"]
[EventDate "2016.09.01"]

1. Nf3 d5 2. g3 Nf6 3. Bg2 Bf5 4. d3 h6 5. O-O e6 6. Bf4 Nc6 7. a3 Bd6 8. Bxd6
Qxd6 9. Nc3 a6 10. b4 O-O 11. b5 Na7 12. Nd4 Bh7 13. Qd2 e5 14. Nf3 axb5 15.
Rfb1 c6 16. Rb4 Nc8 17. Nd1 Ne7 18. d4 exd4 19. Nxd4 Nf5 20. Nxf5 Bxf5 21. Ne3
Bh7 22. f3 Qc5 23. Kh1 Rfe8 24. Ng4 Nxg4 25. Rxg4 Bg6 26. a4 Qxc2 27. Qxc2 Bxc2
28. a5 Rxe2 29. h4 Ree8 30. h5 Ra6 31. Rf4 Rea8 32. Re1 Rxa5 33. Re7 f5 34.
Rxb7 R5a7 35. Rb6 Rc8 36. Bh3 Re8 37. Rxc6 Ra1+ 38. Kh2 Re2+ 39. Bg2 Ra2 40. g4
Bd3 41. gxf5 Rxg2+ 42. Kh3 Rh2+ 0-1

[Event "Høstturneringen 2016 (Follo 20 år)"]
[Site "Ås, Akershus NOR"]
[Date "2016.12.13"]
[Round "9"]
[White "Johnson, David"]
[Black "Fuglseth, Jan"]
[Result "1-0"]
[WhiteElo "1443"]
[BlackElo "1478"]
[PlyCount "113"]
[EventDate "2016.09.01"]

1. e4 c5 2. Nc3 Nc6 3. Bc4 g6 4. f4 e6 5. Nf3 Bg7 6. O-O Nge7 7. Qe1 O-O 8. e5
Nf5 9. a3 d5 10. exd6 Nxd6 11. Ba2 b5 12. d3 a6 13. Ne5 Bb7 14. Rb1 {(-0.65 ?
-1.27) Inaccuracy. A better move was Nxc6.} (14. Nxc6 Bxc6 15. Be3 Bd4 16. Bxd4
cxd4 17. Ne4 Nf5 18. Qf2 a5) 14... Qc7 15. Nd1 Rad8 {(-2.21 ? -1.48)
Inaccuracy. A better move was Nxe5.} (15... Nxe5 16. fxe5 Nf5 17. Bf4 g5 18.
Bg3 Nxg3 19. Qxg3 Bxe5 20. Qh3) 16. Nf2 {(-1.51 ? -2.61) Inaccuracy. A better
move was Ng4.} (16. Ng4 h5 17. Nge3 Ne7 18. Bd2 Ndf5 19. Nxf5) 16... Nd4 {(-2.
46 ? -1.41) Inaccuracy. A better move was Nxe5.} (16... Nxe5 17. fxe5 Qc6 18.
Ne4 Bxe5 19. Qf2 c4 20. Bg5 Nxe4 21. dxe4) 17. c3 N4f5 18. Nfg4 h5 19. Ne3 Qb6
20. Nxf5 Nxf5 21. Qe2 {(-0.79 ? -1.60) Inaccuracy. A better move was Qf2.} (21.
Qf2 h4 22. Be3 Rc8 23. h3 Rfd8 24. Rbd1 a5 25. Rfe1 a4) 21... c4+ 22. d4 Bd5
23. Bd2 Qb7 24. Rbd1 Rfe8 25. Bb1 Nd6 26. Nxg6 Be4 {(-0.68 ? +1.31) Mistake.
The best move was fxg6.} (26... fxg6 27. Bxg6 Be4 28. f5 Bxf5 29. Bxe8 Bg4 30.
Qe3 Rxe8 31. Rde1) 27. Ne5 f6 28. Nf3 {(+1.56 ? +0.77) Inaccuracy. A better
move was Qxh5.} (28. Qxh5 Bxb1 29. Rxb1 Ne4 30. Be3 Nd6 31. Bd2 Ne4 32. Nf3 f5)
28... Kf7 {(+0.81 ? +1.56) Inaccuracy. A better move was Bxb1.} (28... Bxb1 29.
Rxb1 Qe4 30. Rfe1 Qc2 31. Qd1 Qxd1 32. Rbxd1 Kf7 33. g3) 29. Nh4 Rh8 30. Rde1 {
(+2.16 ? +1.36) Inaccuracy. A better move was f5.} (30. f5 exf5 31. Bf4 Rde8
32. Bxe4 Nxe4 33. Nxf5 Qd5 34. Be5 Kg8) 30... f5 31. Qf2 {(+1.32 ? +0.09)
Inaccuracy. A better move was Bxe4.} (31. Bxe4 Qxe4 32. Qf2 Qd5 33. Nf3 Bf6 34.
Ng5+ Bxg5 35. fxg5 Ne4) 31... Bf6 32. Nf3 Rdg8 33. Bxe4 Nxe4 34. Qe2 Rg7 {(+0.
53 ? +1.51) Inaccuracy. A better move was h4.} (34... h4 35. Ng5+ Bxg5 36. fxg5
Ke7 37. Bf4 Qd5 38. Qf3 h3 39. g3) 35. Ng5+ Nxg5 {(+1.63 ? +5.35) Blunder. The
best move was Bxg5.} (35... Bxg5 36. fxg5 Ke8 37. Bf4 Rhh7 38. h4 Qc6 39. Be5
Rg8 40. a4) 36. fxg5 Bxg5 {(+5.68 ? +318.00) Blunder. The best move was Qc6.} (
36... Qc6 37. gxf6 Rg4 38. h3 Rxg2+ 39. Qxg2 Rg8 40. Bg5 Qxg2+ 41. Kxg2) 37.
Bxg5 {(Mate in 2 ? Mate in 2) Missed mate. Checkmate after Qxe6+ .} (37. Qxe6+
Kf8 38. Qe8#) 37... Rxg5 38. Qxe6+ Kg7 39. Qe5+ Kh7 40. Re2 Rhg8 41. Qe7+ {(+2.
47 ? +1.85) Inaccuracy. A better move was g3.} (41. g3 Qf7 42. Qf4 R8g7 43. Re5
Qg6 44. Rfe1 Rg4 45. Qxf5 h4) 41... Qxe7 42. Rxe7+ Kh6 43. Rf2 h4 44. Re6+ Kh5
{(+1.63 ? +2.26) Inaccuracy. A better move was R5g6.} (44... R5g6 45. Rxg6+
Kxg6 46. Re2 Kg5 47. Kf2 Kf4 48. Re6 Ra8 49. Rh6) 45. h3 {(+2.39 ? +1.89)
Inaccuracy. A better move was Rxa6.} (45. Rxa6 f4 46. Ra7 Kh6 47. Kf1 f3 48.
Rxf3 Rxg2 49. Rf6+ R2g6) 45... f4 46. Rf6 Rg3 47. Kf1 Rd3 48. R6xf4 Rd1+ 49.
Ke2 Rb1 50. Kf3 Rg3+ {(+2.20 ? +3.24) Inaccuracy. A better move was Re1.} (
50... Re1 51. Rf5+ Kh6 52. d5 Rd1 53. Re2 Rg3+ 54. Kf4 Kg6 55. Rfe5) 51. Ke4
Re1+ 52. Kd5 Rge3 {(+3.85 ? +4.98) Inaccuracy. A better move was Re8.} (52...
Re8 53. Kc5 Reg8 54. Rf5+ Kh6 55. d5 Rxg2 56. Rxg2 Rxg2 57. d6) 53. Kc5 {(+5.
43 ? +4.53) Inaccuracy. A better move was Rf6.} (53. Rf6 Rg3 54. Kc6 Rg5 55. d5
Ree5 56. d6 Rc5+ 57. Kb7 Rcd5) 53... Re6 {(+4.87 ? +5.61) Inaccuracy. A better
move was Rg3.} (53... Rg3 54. d5 Rd3 55. Rf6 Re5 56. R2f5+ Rxf5 57. Rxf5+ Kg6
58. Rf2) 54. Rf5+ {(+5.90 ? +4.88) Inaccuracy. A better move was d5.} (54. d5
Rg6 55. Rf5+ Kh6 56. d6 Re8 57. Rf6 Rxf6 58. Rxf6+ Kg5) 54... Kg6 55. d5 R6e5 {
(+5.29 ? +9.78) Blunder. The best move was Re8.} (55... Re8 56. Rf6+ Kh7 57.
R6f4 Kg6 58. Rxh4 Rc8+ 59. Kb6 Rd1 60. Rg4+) 56. Rxe5 Rxe5 57. Kc6 1-0

[Event "Klubbmesterskapet 2016 (A)"]
[Site "Ås, Akershus NOR"]
[Date "2016.01.14"]
[Round "1"]
[White "Johnson, David"]
[Black "Olsen, Trygve"]
[Result "1-0"]
[WhiteElo "1431"]
[BlackElo "1291"]
[PlyCount "49"]
[EventDate "2016.01.14"]

1. e4 b6 2. Bc4 e6 3. Nc3 Nc6 4. a3 Ne5 5. Ba2 Bb7 6. d4 Ng6 7. Nf3 h6 8. O-O
N8e7 9. Re1 Nc6 10. d5 Nce5 11. Nxe5 Nxe5 12. dxe6 dxe6 13. Qh5 Qf6 14. f4 Nd7
15. f5 O-O-O 16. fxe6 Ne5 17. exf7 Kb8 18. Nd5 Qd6 19. Bf4 Qc5+ 20. Be3 Qd6 21.
b4 Bc8 22. Bf4 g6 23. Qxe5 Rh7 24. Nxc7 Kxc7 25. Qc3+ 1-0

[Event "Klubbmesterskapet 2016 (A)"]
[Site "Ås, Akershus NOR"]
[Date "2016.01.14"]
[Round "1"]
[White "Fuglseth, Jan"]
[Black "Furnes, Torstein"]
[Result "0-1"]
[WhiteElo "1479"]
[BlackElo "1629"]
[Annotator "Furnes, Torstein"]
[PlyCount "26"]
[EventDate "2016.01.14"]

1. c4 {[%emt 0:00:00]} e5 2. Nc3 Nf6 3. Nf3 Nc6 4. e3 Bb4 5. Qc2 O-O 6. d4 $6
$15 ({Det er vanligst å spille} 6. Nd5) 6... exd4 7. exd4 Re8+ 8. Be2 Qe7 $6
$11 (8... d5 {er førstevalget til Fritz.}) 9. h3 ({Fritz foreslår} 9. O-O $5
Bxc3 10. Qxc3 Qxe2 11. Re1 Qxe1+ 12. Nxe1 {med en hvit fordel på 0.3.}) 9...
Ne4 10. O-O $17 ({Fritz foreslår} 10. Be3 Ng3 $1 11. fxg3 Qxe3 12. Qd2 $15)
10... Nxc3 11. bxc3 Qxe2 12. Re1 $4 $19 {Overser at løperen på b4 kan hindre
matt på 8. raden.} ({Etter} 12. Qxe2 Rxe2 13. cxb4 Nxb4 $17 {har svart vunnet
bonde, men svarts dronningfløy er lite utviklet.}) 12... Qxc2 13. Rxe8+ Bf8 0-1

[Event "Klubbmesterskapet 2016 (A)"]
[Site "Ås, Akershus NOR"]
[Date "2016.01.14"]
[Round "1"]
[White "Moberg, Jan Rune"]
[Black "Lund, Petter"]
[Result "0-1"]
[WhiteElo "1523"]
[BlackElo "1565"]
[PlyCount "73"]
[EventDate "2016.01.14"]

1. d4 Nf6 2. Bg5 d5 3. Nf3 e6 4. e3 Be7 5. Nbd2 b6 6. Bb5+ Bd7 7. c4 Bxb5 8.
cxb5 O-O 9. Rc1 a6 10. a4 axb5 11. axb5 Qd7 12. Qb3 Ra5 13. Ne5 Qxb5 14. Qxb5
Rxb5 15. Rxc7 Bd6 16. Rc2 Ne4 17. Nxe4 dxe4 18. Nc4 Bb4+ 19. Nd2 Rxg5 20. O-O
Bxd2 21. Rxd2 Rc8 22. Ra1 Ra5 23. Rb1 Na6 24. b4 Nxb4 25. Rdb2 Nd5 26. g3 Nc3
27. Re1 b5 28. Kg2 Ra2 29. Rb3 Ra4 30. Rc1 b4 31. g4 g5 32. h4 h6 33. hxg5 hxg5
34. Rh1 Nd5 35. f3 Rc3 36. Rxc3 bxc3 37. fxe4 0-1

[Event "Klubbmesterskapet 2016 (A)"]
[Site "Ås, Akershus NOR"]
[Date "2016.01.14"]
[Round "1"]
[White "Kielland-Lund, Jon"]
[Black "Ruud, Kjetil"]
[Result "1/2-1/2"]
[WhiteElo "1550"]
[BlackElo "1392"]
[Annotator "Kielland-Lund,Jon"]
[PlyCount "91"]
[EventDate "2016.01.14"]

1. c4 f5 2. d4 g6 3. Nc3 Nf6 4. Nf3 Bg7 5. g3 d6 6. Bg2 c6 7. O-O Qc7 8. d5 e5
9. dxe6 Bxe6 10. Qd3 {Lf4 er sterkere} O-O 11. Ng5 Bf7 12. Nxf7 Rxf7 13. Rd1
Rd7 14. Bf4 Ne8 15. c5 Qd8 16. cxd6 Na6 {g5 erobrer tilbake d-bonden} 17. Bxc6
bxc6 18. Qxa6 Qb6 19. Qc4+ Kh8 20. Na4 Qb5 21. Qxb5 cxb5 22. Nc5 Rdd8 23. d7
Bxb2 24. Rab1 Ba3 25. dxe8=Q+ (25. Ne6 Nf6 26. Be5 Be7 {med stor fordel}) 25...
Rxe8 26. Be3 (26. Na6 Rxe2 27. Rxb5 {er bedre}) 26... Rac8 (26... Rxe3 27. fxe3
Bxc5 28. Rxb5 Bxe3+ 29. Kg2) 27. Nd3 a6 28. Rb3 Bd6 29. Rb2 Ba3 30. Rb3 Bf8 31.
Rc1 Rxc1+ 32. Nxc1 b4 33. Bd4+ Kg8 34. Rb2 a5 35. Rc2 Rb8 36. Kf1 a4 37. Ke1
Kf7 38. Kd1 (38. Rc7+ Ke6 39. Nd3 {med god kontroll over b2}) 38... Ke6 39. e3
Kd5 40. f3 g5 41. f4 h6 42. Ke2 b3 43. axb3 axb3 {I begynnende tidsnød tror
jeg at bonden er ustoppelig. Dermed skusles vinsten bort} 44. Nxb3 (44. Rd2 Bb4
(44... Kc4 45. Bb2 Kb4 46. Rd4+ Ka5 47. Kd3) 45. Rd3) 44... Rxb3 45. Rb2 Rxb2+
46. Bxb2 {Vi spiller pliktskyldigst noen trekk til og remis.} 1/2-1/2

[Event "Klubbmesterskapet 2016 (A)"]
[Site "Ås, Akershus NOR"]
[Date "2016.02.04"]
[Round "1"]
[White "Andersen, Odd"]
[Black "Lea, Per"]
[Result "1-0"]
[WhiteElo "1611"]
[BlackElo "1543"]
[Annotator "Lea, Per"]
[PlyCount "139"]
[EventDate "2016.01.14"]

1. d4 d5 2. Bf4 e6 3. Nf3 c5 4. e3 Nc6 5. c3 Nf6 6. Bd3 Nh5 7. Bg5 Be7 8. Bxe7
Qxe7 9. Ne5 Nf6 10. Bb5 Bd7 11. Nxd7 Nxd7 12. Qa4 Qd6 13. Nd2 O-O 14. O-O a6
15. Bd3 b5 16. Qd1 f5 17. f3 e5 18. dxe5 Ndxe5 19. Bc2 d4 (19... Rae8) 20. exd4
cxd4 21. Nb3 d3 (21... Nc4 $1 22. Qb1 dxc3 23. bxc3 Qf6 24. Re1) 22. Qd2 Nc4 $2
(22... Rad8 23. Bd1 (23. Rad1 $4 dxc2 24. Qxd6 cxd1=Q 25. Rxd1 Rxd6 26. Rxd6
$19) 23... Nc4 24. Qf2 d2 25. Nc5 Qe7) 23. Qxd3 Qxd3 24. Bxd3 Nxb2 25. Be2 Rfe8
26. Rf2 Ne5 $2 (26... Na4 27. c4 Nc3 28. Bf1) 27. Bxb5 $1 axb5 28. Rxb2 Nc4 29.
Rf2 Re3 30. Rc1 (30. Nd4 Nd6 31. Rb2 Rxc3 32. Nxb5 Nxb5 33. Rxb5 Rca3 34. Rb2
$14) 30... Rd8 31. Nd4 Rd5 32. Rb1 Rxc3 33. Nxb5 Rcd3 34. h3 Na3 $2 (34... f4
35. Kh2 Ne3 36. Rfb2 $14) 35. Nxa3 Rxa3 36. Re2 Rd7 37. Kh2 Kf7 38. Kg3 Rda7
39. Rbb2 h6 40. Kf2 g5 41. Ke1 Re7 42. Kd1 Rxe2 43. Rxe2 Kf6 44. Kc1 h5 45. Kb2
Rd3 46. a4 g4 47. fxg4 hxg4 48. hxg4 fxg4 49. Kb1 $1 Kf5 50. a5 Ra3 $2 (50...
Rd1+ 51. Kb2 Rd5 52. Rf2+ Kg5 53. a6 Ra5 $11) 51. Ra2 Rb3+ 52. Kc2 Rb7 53. a6
Ra7 54. g3 Ke4 55. Ra3 Kd4 56. Kd2 Ke4 57. Ke2 Kd4 58. Ra4+ Ke5 59. Ke3 Kf5 60.
Ra5+ Kg6 61. Kf4 Kg7 62. Kxg4 Kg6 63. Kf4 Kf6 64. g4 Kg6 65. Ke4 Kf6 66. Kd4
Ke6 67. Kc5 Rd7 68. a7 Rd5+ 69. Kb4 Rd4+ 70. Kc3 1-0

[Event "Klubbmesterskapet 2016 (B)"]
[Site "Ås, Akershus NOR"]
[Date "2016.01.14"]
[Round "1"]
[White "Samset, Jon"]
[Black "Aalmo, Alexander"]
[Result "0-1"]
[WhiteElo "1093"]
[BlackElo "1209"]
[Annotator "Lea, Per"]
[PlyCount "108"]
[EventDate "2016.01.14"]

1. c4 b6 2. Nf3 Bb7 3. Nc3 Nf6 4. Qc2 e6 5. b3 c5 6. e4 d6 7. Bb2 Nc6 8. Bd3
Nd4 9. Nxd4 cxd4 10. Ne2 e5 11. f4 Be7 12. O-O-O Rc8 13. h4 Ng4 14. Rdf1 Bxh4
15. g3 Be7 16. Ba3 b5 17. Qd1 Qa5 18. Bb2 Nf6 19. Kb1 Nxe4 20. Kc1 bxc4 21.
bxc4 Qxa2 22. Rh5 g6 23. Rh6 Nc5 24. Qc2 Nxd3+ 25. Qxd3 Qxc4+ 26. Qxc4 Rxc4+
27. Kd1 Rb4 28. Ba3 Rb1+ 29. Nc1 Be4 30. Rf2 Bf8 31. Rh4 Bd5 32. d3 Rb7 33. g4
Bc6 34. f5 g5 35. Rh5 f6 36. Rfh2 Ba4+ 37. Kd2 Rc7 38. Ke1 h6 39. Ne2 Bb5 40.
Kd2 Rch7 41. Ng3 d5 42. Bb2 Bb4+ 43. Kd1 Bxd3 44. Nh1 Be4 45. Nf2 Bf3+ 46. Kc2
Be4+ 47. Kc1 Rc7+ 48. Kd1 Rc2 (48... Bf3# $1) 49. Nxe4 Rxh2 50. Nxf6+ Kf7 51.
Nxd5 Rxh5 (51... Rxb2 $1 52. Nxb4 Rxb4 $19) 52. gxh5 Bd6 53. Kd2 Rb8 54. Kc2
Rb5 {Springeren på d5 har ingen fluktfelter og svar blir liggende tårn og
flere bønder over. Dermed var kveldens siste parti slutt.} 0-1